[Event "World Cup 2023 Open"]
[Site "Baku, Azerbaijan"]
[Date "????.??.??"]
[Round "19.5"]
[White "Grischuk Alexander (FID)"]
[Black "Daneshvar Bardiya (IRI)"]
[Result "0-1"]
[WhiteFideId "4126025"]
[BlackFideId "12576468"]
[WhiteElo "2736"]
[BlackElo "2577"]

1. d4 {[%clk 00:03:03]} d5 {[%clk 00:03:03]} {[%emt 00:00:01]} 2. c4 {[%clk
00:03:04]} e6 {[%clk 00:03:05]} {[%emt 00:00:01]} 3. Nf3 {[%clk 00:03:05]} Nf6
{[%clk 00:03:06]} {[%emt 00:00:01]} 4. g3 {[%clk 00:03:06]} Bb4+ {[%clk
00:03:06]} {[%emt 00:00:01]} 5. Bd2 {[%clk 00:03:07]} Be7 {[%clk 00:03:07]}
{[%emt 00:00:01]} 6. Bg2 {[%clk 00:03:09]} c6 {[%clk 00:03:08]} {[%emt
00:00:01]} 7. Qc2 {[%clk 00:03:10]} {[%emt 00:00:01]} O-O {[%clk 00:03:03]}
{[%emt 00:00:07]} 8. h4 {[%clk 00:03:11]} {[%emt 00:00:01]} Nbd7 {[%clk
00:03:02]} {[%emt 00:00:03]} 9. Bf4 {[%clk 00:03:08]} {[%emt 00:00:05]} h6
{[%clk 00:02:49]} {[%emt 00:00:15]} 10. O-O {[%clk 00:03:08]} {[%emt 00:00:02]}
Nh5 {[%clk 00:02:45]} {[%emt 00:00:06]} 11. Bc1 {[%clk 00:03:03]} {[%emt
00:00:07]} Nhf6 {[%clk 00:02:42]} {[%emt 00:00:04]} 12. Nbd2 {[%clk 00:03:01]}
{[%emt 00:00:03]} b6 {[%clk 00:02:40]} {[%emt 00:00:05]} 13. e4 {[%clk
00:03:02]} {[%emt 00:00:01]} Ba6 {[%clk 00:02:32]} {[%emt 00:00:10]} 14. b3
{[%clk 00:02:52]} {[%emt 00:00:11]} Rc8 {[%clk 00:02:31]} {[%emt 00:00:03]} 15.
Rd1 {[%clk 00:02:51]} {[%emt 00:00:03]} c5 {[%clk 00:02:23]} {[%emt 00:00:11]}
16. exd5 {[%clk 00:02:51]} {[%emt 00:00:02]} exd5 {[%clk 00:02:23]} {[%emt
00:00:02]} 17. Bb2 {[%clk 00:02:52]} {[%emt 00:00:01]} cxd4 {[%clk 00:02:07]}
{[%emt 00:00:18]} 18. Nxd4 {[%clk 00:02:49]} {[%emt 00:00:05]} Bc5 {[%clk
00:02:08]} 19. Qf5 {[%emt 00:00:40]} g6 {[%clk 00:01:40]} 20. Qf4 {[%clk
00:02:36]} {[%emt 00:00:06]} dxc4 {[%clk 00:01:26]} {[%emt 00:00:16]} 21. Qxh6
{[%clk 00:02:03]} {[%emt 00:00:35]} Re8 {[%clk 00:00:39]} {[%emt 00:00:49]} 22.
Nxc4 {[%clk 00:02:01]} {[%emt 00:00:04]} Bf8 {[%clk 00:00:38]} {[%emt
00:00:03]} 23. Qg5 {[%clk 00:01:52]} {[%emt 00:00:11]} Rc5 {[%clk 00:00:27]}
{[%emt 00:00:14]} 24. Qf4 {[%clk 00:01:45]} {[%emt 00:00:08]} Bxc4 {[%clk
00:00:25]} {[%emt 00:00:04]} 25. bxc4 {[%clk 00:01:39]} {[%emt 00:00:08]} Rxc4
{[%clk 00:00:26]} 26. Rac1 {[%clk 00:01:35]} {[%emt 00:00:05]} Nh5 {[%clk
00:00:27]} {[%emt 00:00:02]} 27. Qd2 {[%clk 00:00:49]} {[%emt 00:00:48]} Ne5
{[%clk 00:00:28]} 28. Ba1 {[%clk 00:00:44]} {[%emt 00:00:07]} Bg7 {[%clk
00:00:19]} {[%emt 00:00:11]} 29. Rxc4 {[%clk 00:00:40]} {[%emt 00:00:06]} Nxc4
{[%clk 00:00:20]} {[%emt 00:00:01]} 30. Qc2 {[%clk 00:00:38]} {[%emt 00:00:03]}
Ne5 {[%clk 00:00:12]} {[%emt 00:00:10]} 31. Ne6 {[%clk 00:00:29]} {[%emt
00:00:10]} Qe7 {[%clk 00:00:07]} {[%emt 00:00:08]} 32. Nxg7 {[%clk 00:00:29]}
{[%emt 00:00:02]} Nxg7 {[%clk 00:00:07]} 33. Qb2 {[%clk 00:00:26]} {[%emt
00:00:06]} f6 {[%clk 00:00:07]} {[%emt 00:00:02]} 34. Qb3+ {[%clk 00:00:26]}
{[%emt 00:00:01]} Kh7 {[%clk 00:00:07]} {[%emt 00:00:02]} 35. a4 {[%clk
00:00:23]} {[%emt 00:00:05]} Rd8 {[%clk 00:00:08]} 36. Rxd8 {[%clk 00:00:20]}
{[%emt 00:00:06]} Qxd8 {[%clk 00:00:09]} 37. Bxe5 {[%clk 00:00:20]} {[%emt
00:00:02]} fxe5 {[%clk 00:00:10]} 38. Qf7 {[%clk 00:00:21]} Qd1+ {[%clk
00:00:09]} {[%emt 00:00:03]} 39. Kh2 {[%clk 00:00:22]} Qxa4 {[%clk 00:00:09]}
{[%emt 00:00:01]} 40. Bd5 {[%clk 00:00:18]} {[%emt 00:00:06]} Kh6 {[%clk
00:00:05]} {[%emt 00:00:07]} 41. Qe7 {[%clk 00:00:10]} {[%emt 00:00:10]} Qd4
{[%clk 00:00:04]} {[%emt 00:00:03]} 42. Bg2 {[%clk 00:00:09]} {[%emt 00:00:03]}
Qxf2 {[%clk 00:00:04]} {[%emt 00:00:02]} 43. Qxe5 {[%clk 00:00:09]} {[%emt
00:00:02]} Qf7 {[%clk 00:00:04]} {[%emt 00:00:02]} 44. Bd5 {[%clk 00:00:08]}
{[%emt 00:00:03]} Qf2+ {[%clk 00:00:04]} {[%emt 00:00:01]} 45. Bg2 {[%clk
00:00:09]} Kh7 {[%clk 00:00:04]} {[%emt 00:00:02]} 46. Kh1 {[%clk 00:00:05]}
{[%emt 00:00:07]} a5 {[%clk 00:00:04]} {[%emt 00:00:03]} 47. Be4 {[%clk
00:00:06]} Qf1+ {[%clk 00:00:03]} {[%emt 00:00:03]} 48. Kh2 {[%clk 00:00:07]}
Qf2+ {[%clk 00:00:05]} 49. Kh3 {[%clk 00:00:08]} {[%emt 00:00:01]} Qf1+ {[%clk
00:00:04]} {[%emt 00:00:03]} 50. Kh2 {[%clk 00:00:10]} a4 {[%clk 00:00:05]}
{[%emt 00:00:01]} 51. h5 {[%clk 00:00:10]} {[%emt 00:00:01]} Qe2+ {[%clk
00:00:06]} 52. Kg1 {[%clk 00:00:08]} {[%emt 00:00:03]} Qxh5 {[%clk 00:00:07]}
{[%emt 00:00:02]} 53. Qd4 {[%clk 00:00:05]} {[%emt 00:00:05]} Qc5 {[%clk
00:00:07]} {[%emt 00:00:02]} 54. Qxc5 {[%clk 00:00:04]} {[%emt 00:00:03]} bxc5
{[%clk 00:00:08]} {[%emt 00:00:01]} 55. Kf2 {[%clk 00:00:05]} Nf5 {[%clk
00:00:06]} {[%emt 00:00:04]} 56. g4 {[%clk 00:00:05]} {[%emt 00:00:02]} a3
{[%clk 00:00:05]} {[%emt 00:00:03]} 57. Bd5 {[%clk 00:00:05]} {[%emt 00:00:01]}
Nd6 {[%clk 00:00:05]} {[%emt 00:00:03]} 58. Ba2 {[%clk 00:00:06]} Ne4+ {[%clk
00:00:06]} 59. Ke3 {[%clk 00:00:07]} {[%emt 00:00:01]} Nc3 {[%clk 00:00:07]} 60.
Kd4 {[%clk 00:00:00]} {[%emt 00:00:05]} 0-1

[Event "World Cup 2023 Open"]
[Site "Baku, Azerbaijan"]
[Date "????.??.??"]
[Round "19.18"]
[White "Donchenko Alexander (GER)"]
[Black "Bartel Mateusz (POL)"]
[Result "1-0"]
[WhiteFideId "24603295"]
[BlackFideId "1112635"]
[WhiteElo "2668"]
[BlackElo "2614"]

1. c4 {[%clk 00:03:03]} e6 {[%clk 00:03:03]} {[%emt 00:00:01]} 2. Nc3 {[%clk
00:03:05]} d5 {[%clk 00:03:04]} 3. d4 {[%clk 00:03:06]} Be7 {[%clk 00:03:05]}
{[%emt 00:00:01]} 4. cxd5 {[%clk 00:03:06]} {[%emt 00:00:02]} exd5 {[%clk
00:03:06]} 5. Bf4 {[%clk 00:03:07]} Nf6 {[%clk 00:03:07]} {[%emt 00:00:02]} 6.
e3 {[%clk 00:03:08]} O-O {[%clk 00:03:03]} {[%emt 00:00:05]} 7. Bd3 {[%clk
00:03:09]} {[%emt 00:00:01]} c5 {[%clk 00:03:04]} {[%emt 00:00:01]} 8. dxc5
{[%clk 00:03:05]} {[%emt 00:00:06]} Bxc5 {[%clk 00:02:56]} {[%emt 00:00:10]} 9.
Nf3 {[%clk 00:02:49]} {[%emt 00:00:18]} Nc6 {[%clk 00:02:53]} {[%emt 00:00:04]}
10. O-O {[%clk 00:02:49]} {[%emt 00:00:03]} Bg4 {[%clk 00:02:36]} {[%emt
00:00:19]} 11. h3 {[%clk 00:02:41]} {[%emt 00:00:10]} Bh5 {[%clk 00:02:36]}
{[%emt 00:00:01]} 12. Be2 {[%clk 00:02:33]} {[%emt 00:00:10]} h6 {[%clk
00:02:37]} {[%emt 00:00:02]} 13. Rc1 {[%clk 00:02:31]} {[%emt 00:00:04]} Bb6
{[%clk 00:02:30]} {[%emt 00:00:09]} 14. Na4 {[%clk 00:02:28]} {[%emt 00:00:05]}
Bc7 {[%clk 00:02:28]} {[%emt 00:00:04]} 15. Bxc7 {[%clk 00:02:23]} {[%emt
00:00:08]} Qxc7 {[%clk 00:02:29]} {[%emt 00:00:01]} 16. a3 {[%clk 00:02:12]}
{[%emt 00:00:13]} Bxf3 {[%clk 00:02:03]} {[%emt 00:00:27]} 17. Bxf3 {[%clk
00:02:12]} {[%emt 00:00:02]} Rad8 {[%clk 00:02:04]} 18. Qb3 {[%clk 00:01:41]}
{[%emt 00:00:34]} Qe7 {[%clk 00:01:06]} {[%emt 00:01:00]} 19. Rfd1 {[%clk
00:01:42]} {[%emt 00:00:01]} Ne4 {[%clk 00:00:47]} {[%emt 00:00:21]} 20. Rxd5
{[%clk 00:01:25]} {[%emt 00:00:19]} Nd2 {[%clk 00:00:37]} {[%emt 00:00:12]} 21.
Qd1 {[%clk 00:01:25]} {[%emt 00:00:02]} Nxf3+ {[%clk 00:00:30]} {[%emt
00:00:10]} 22. Qxf3 {[%clk 00:01:26]} {[%emt 00:00:01]} Ne5 {[%clk 00:00:27]}
{[%emt 00:00:05]} 23. Qe4 {[%clk 00:01:23]} {[%emt 00:00:05]} Rxd5 {[%clk
00:00:26]} {[%emt 00:00:03]} 24. Qxd5 {[%clk 00:01:24]} {[%emt 00:00:01]} Rd8
{[%clk 00:00:27]} 25. Qe4 {[%clk 00:01:14]} {[%emt 00:00:13]} b6 {[%clk
00:00:17]} {[%emt 00:00:13]} 26. Nc3 {[%clk 00:01:13]} {[%emt 00:00:02]} Qe6
{[%clk 00:00:17]} {[%emt 00:00:02]} 27. Nb5 {[%clk 00:01:11]} {[%emt 00:00:04]}
f5 {[%clk 00:00:10]} {[%emt 00:00:10]} 28. Qc2 {[%clk 00:00:57]} {[%emt
00:00:16]} a5 {[%clk 00:00:08]} {[%emt 00:00:03]} 29. Nd4 {[%clk 00:00:58]}
{[%emt 00:00:02]} Qd5 {[%clk 00:00:07]} {[%emt 00:00:04]} 30. Qxf5 {[%clk
00:00:55]} {[%emt 00:00:05]} Rf8 {[%clk 00:00:07]} {[%emt 00:00:02]} 31. Qe6+
{[%clk 00:00:55]} {[%emt 00:00:02]} Qxe6 {[%clk 00:00:08]} 32. Nxe6 {[%clk
00:00:56]} Re8 {[%clk 00:00:09]} 33. Nd4 {[%clk 00:00:56]} {[%emt 00:00:02]}
Nd3 {[%clk 00:00:10]} {[%emt 00:00:01]} 34. Rc2 {[%clk 00:00:54]} {[%emt
00:00:03]} Nc5 {[%clk 00:00:11]} {[%emt 00:00:01]} 35. b4 {[%clk 00:00:54]}
{[%emt 00:00:03]} axb4 {[%clk 00:00:11]} {[%emt 00:00:02]} 36. axb4 {[%clk
00:00:55]} Nd3 {[%clk 00:00:12]} 37. b5 {[%clk 00:00:54]} {[%emt 00:00:03]} Ne5
{[%clk 00:00:12]} {[%emt 00:00:02]} 38. Rc7 {[%clk 00:00:52]} {[%emt 00:00:04]}
Kh7 {[%clk 00:00:12]} {[%emt 00:00:02]} 39. Nf5 {[%clk 00:00:49]} {[%emt
00:00:05]} Rg8 {[%clk 00:00:14]} 40. e4 {[%clk 00:00:46]} {[%emt 00:00:05]} Nd3
{[%clk 00:00:14]} {[%emt 00:00:01]} 41. Rc6 {[%clk 00:00:39]} {[%emt 00:00:09]}
Rb8 {[%clk 00:00:14]} {[%emt 00:00:03]} 42. f3 {[%clk 00:00:35]} {[%emt
00:00:06]} h5 {[%clk 00:00:11]} {[%emt 00:00:04]} 43. Rc7 {[%clk 00:00:34]}
{[%emt 00:00:02]} Rg8 {[%clk 00:00:12]} 44. Rb7 {[%clk 00:00:35]} {[%emt
00:00:01]} Kh8 {[%clk 00:00:10]} {[%emt 00:00:04]} 45. Rxb6 {[%clk 00:00:34]}
{[%emt 00:00:04]} Ra8 {[%clk 00:00:08]} {[%emt 00:00:03]} 46. Kh2 {[%clk
00:00:27]} {[%emt 00:00:09]} Ra2 {[%clk 00:00:08]} {[%emt 00:00:02]} 47. Rg6
{[%clk 00:00:20]} {[%emt 00:00:08]} Nf2 {[%clk 00:00:06]} {[%emt 00:00:05]} 48.
b6 {[%clk 00:00:17]} {[%emt 00:00:06]} Rb2 {[%clk 00:00:07]} 49. Kg3 {[%clk
00:00:13]} {[%emt 00:00:05]} Nd3 {[%clk 00:00:08]} {[%emt 00:00:01]} 50. Kh4
{[%clk 00:00:09]} {[%emt 00:00:06]} Nf4 {[%clk 00:00:08]} {[%emt 00:00:01]} 51.
Rxg7 {[%clk 00:00:07]} {[%emt 00:00:05]} Nxg2+ {[%clk 00:00:08]} {[%emt
00:00:02]} 52. Kxh5 {[%clk 00:00:04]} {[%emt 00:00:04]} Nf4+ {[%clk 00:00:09]}
53. Kh4 {[%clk 00:00:06]} Ng2+ {[%clk 00:00:10]} {[%emt 00:00:01]} 54. Kg3
{[%clk 00:00:07]} Ne3 {[%clk 00:00:10]} {[%emt 00:00:02]} 55. Rb7 {[%clk
00:00:07]} {[%emt 00:00:02]} Nf1+ {[%clk 00:00:09]} {[%emt 00:00:03]} 56. Kf4
{[%clk 00:00:08]} {[%emt 00:00:01]} Nd2 {[%clk 00:00:09]} {[%emt 00:00:02]} 57.
Rb8+ {[%clk 00:00:09]} {[%emt 00:00:01]} Kh7 {[%clk 00:00:11]} 58. b7 {[%clk
00:00:10]} Rb3 {[%clk 00:00:12]} 59. Nd6 {[%clk 00:00:10]} {[%emt 00:00:02]}
Rxf3+ {[%clk 00:00:12]} {[%emt 00:00:02]} 60. Kg4 {[%clk 00:00:11]} {[%emt
00:00:01]} Rb3 {[%clk 00:00:12]} {[%emt 00:00:01]} 61. Re8 {[%clk 00:00:10]}
{[%emt 00:00:03]} 1-0

[Event "World Cup 2023 Open"]
[Site "Baku, Azerbaijan"]
[Date "????.??.??"]
[Round "18.7"]
[White "Mastrovasilis Dimitrios (GRE)"]
[Black "Vidit Santosh Gujrathi (IND)"]
[Result "1/2-1/2"]
[WhiteFideId "4202694"]
[BlackFideId "5029465"]
[WhiteElo "2587"]
[BlackElo "2719"]

1. e4 {[%clk 00:04:53]} {[%emt 00:00:12]} e5 {[%clk 00:05:04]} {[%emt
00:00:02]} 2. Nf3 {[%clk 00:04:54]} {[%emt 00:00:02]} Nc6 {[%clk 00:05:06]}
{[%emt 00:00:02]} 3. Bc4 {[%clk 00:04:55]} {[%emt 00:00:02]} Bc5 {[%clk
00:05:07]} {[%emt 00:00:02]} 4. c3 {[%clk 00:04:57]} Nf6 {[%clk 00:05:09]}
{[%emt 00:00:01]} 5. d4 {[%clk 00:04:58]} {[%emt 00:00:02]} exd4 {[%clk
00:05:10]} {[%emt 00:00:02]} 6. e5 {[%clk 00:05:00]} {[%emt 00:00:01]} d5
{[%clk 00:05:12]} {[%emt 00:00:01]} 7. Be2 {[%clk 00:04:58]} {[%emt 00:00:01]}
Ne4 {[%clk 00:05:13]} {[%emt 00:00:05]} 8. cxd4 {[%clk 00:04:59]} {[%emt
00:00:02]} Bb4+ {[%clk 00:05:14]} {[%emt 00:00:01]} 9. Bd2 {[%clk 00:05:01]}
{[%emt 00:00:02]} Nxd2 {[%clk 00:05:15]} {[%emt 00:00:02]} 10. Nbxd2 {[%clk
00:05:02]} {[%emt 00:00:02]} O-O {[%clk 00:05:16]} {[%emt 00:00:02]} 11. O-O
{[%clk 00:05:02]} {[%emt 00:00:04]} f6 {[%clk 00:05:17]} {[%emt 00:00:02]} 12.
Nb3 {[%clk 00:05:00]} {[%emt 00:00:05]} Re8 {[%clk 00:05:16]} {[%emt 00:00:05]}
13. Bb5 {[%clk 00:04:48]} {[%emt 00:00:14]} Bg4 {[%clk 00:05:16]} {[%emt
00:00:03]} 14. Bxc6 {[%clk 00:04:38]} {[%emt 00:00:14]} bxc6 {[%clk 00:05:17]}
{[%emt 00:00:02]} 15. Rc1 {[%clk 00:04:36]} {[%emt 00:00:05]} fxe5 {[%clk
00:05:12]} {[%emt 00:00:08]} 16. dxe5 {[%clk 00:04:37]} {[%emt 00:00:02]} Rxe5
{[%clk 00:05:03]} {[%emt 00:00:12]} 17. Nbd4 {[%clk 00:04:07]} {[%emt
00:00:32]} Re4 {[%clk 00:05:00]} {[%emt 00:00:06]} 18. Nxc6 {[%clk 00:03:37]}
{[%emt 00:00:32]} Qd6 {[%clk 00:05:01]} {[%emt 00:00:01]} 19. h3 {[%emt
00:01:27]} Bxf3 {[%clk 00:04:23]} {[%emt 00:00:24]} 20. Qxf3 {[%clk 00:02:33]}
{[%emt 00:00:01]} Bc5 {[%clk 00:03:16]} {[%emt 00:01:10]} 21. b4 {[%clk
00:01:54]} {[%emt 00:00:42]} Bxb4 {[%clk 00:03:00]} {[%emt 00:00:19]} 22. Nxb4
{[%clk 00:01:06]} {[%emt 00:00:40]} Rf8 {[%clk 00:02:20]} 23. Qa3 {[%clk
00:00:33]} Qxb4 {[%clk 00:02:20]} 24. Qxa7 {[%clk 00:00:27]} {[%emt 00:00:15]}
Rc4 {[%clk 00:02:21]} 25. Rxc4 {[%clk 00:00:27]} Qxc4 {[%clk 00:02:21]} {[%emt
00:00:04]} 26. a4 {[%clk 00:00:27]} d4 {[%clk 00:02:11]} {[%emt 00:00:17]} 27.
a5 {[%emt 00:00:09]} d3 28. Qe3 {[%emt 00:00:15]} Rd8 {[%emt 00:00:24]} 29. Rd1
{[%emt 00:00:10]} d2 {[%clk 00:01:40]} {[%emt 00:00:04]} 30. a6 {[%emt
00:00:22]} Qxa6 {[%clk 00:01:00]} {[%emt 00:00:26]} 31. Rxd2 {[%clk 00:00:12]}
Qa1+ {[%clk 00:00:47]} {[%emt 00:00:18]} 32. Kh2 {[%clk 00:00:14]} Qf6 {[%clk
00:00:46]} {[%emt 00:00:05]} 33. Rc2 {[%clk 00:00:10]} Qd6+ {[%clk 00:00:44]}
{[%emt 00:00:12]} 34. g3 {[%clk 00:00:12]} h6 {[%clk 00:00:42]} {[%emt
00:00:06]} 35. h4 {[%clk 00:00:14]} Kh8 {[%clk 00:00:34]} {[%emt 00:00:11]} 36.
Qe4 {[%clk 00:00:13]} {[%emt 00:00:04]} c5 {[%clk 00:00:32]} {[%emt 00:00:05]}
37. Qe3 {[%clk 00:00:08]} {[%emt 00:00:08]} Rc8 {[%clk 00:00:31]} {[%emt
00:00:04]} 38. Rc4 {[%clk 00:00:10]} {[%emt 00:00:01]} Qd5 {[%clk 00:00:30]}
{[%emt 00:00:03]} 39. Qf4 {[%clk 00:00:08]} {[%emt 00:00:05]} Kg8 {[%clk
00:00:28]} {[%emt 00:00:06]} 40. Qc1 {[%clk 00:00:06]} {[%emt 00:00:04]} Rf8
{[%clk 00:00:25]} {[%emt 00:00:05]} 41. Kg1 {[%clk 00:00:07]} {[%emt 00:00:03]}
Qf3 {[%clk 00:00:20]} {[%emt 00:00:08]} 42. Qe3 {[%clk 00:00:04]} {[%emt
00:00:06]} Qxe3 {[%emt 00:00:05]} 43. fxe3 {[%clk 00:00:06]} Rf3 {[%clk
00:00:18]} {[%emt 00:00:03]} 44. Kg2 {[%clk 00:00:08]} {[%emt 00:00:02]} Rxe3
{[%clk 00:00:20]} {[%emt 00:00:01]} 45. Rxc5 {[%clk 00:00:10]} {[%emt
00:00:01]} 1/2-1/2

[Event "World Cup 2023 Open"]
[Site "Baku, Azerbaijan"]
[Date "????.??.??"]
[Round "18.18"]
[White "Donchenko Alexander (GER)"]
[Black "Bartel Mateusz (POL)"]
[Result "1-0"]
[WhiteFideId "24603295"]
[BlackFideId "1112635"]
[WhiteElo "2668"]
[BlackElo "2614"]

1. c4 {[%clk 00:05:05]} e6 {[%clk 00:05:05]} {[%emt 00:00:01]} 2. Nf3 {[%clk
00:05:07]} {[%emt 00:00:01]} d5 {[%clk 00:05:07]} {[%emt 00:00:02]} 3. e3
{[%clk 00:05:09]} Nf6 {[%clk 00:05:08]} {[%emt 00:00:01]} 4. Nc3 {[%clk
00:05:11]} {[%emt 00:00:01]} Be7 {[%clk 00:05:08]} {[%emt 00:00:02]} 5. b3
{[%clk 00:05:13]} {[%emt 00:00:01]} O-O {[%clk 00:05:09]} {[%emt 00:00:02]} 6.
Bb2 {[%clk 00:05:15]} c5 {[%clk 00:05:07]} {[%emt 00:00:05]} 7. cxd5 {[%clk
00:05:16]} {[%emt 00:00:02]} Nxd5 {[%clk 00:05:06]} {[%emt 00:00:04]} 8. Qc2
{[%clk 00:05:14]} {[%emt 00:00:05]} Nc6 {[%clk 00:05:03]} {[%emt 00:00:06]} 9.
h4 {[%clk 00:05:12]} {[%emt 00:00:06]} f5 {[%clk 00:05:04]} {[%emt 00:00:02]}
10. a3 {[%clk 00:05:08]} {[%emt 00:00:07]} Bd7 {[%clk 00:04:44]} {[%emt
00:00:23]} 11. Bc4 {[%clk 00:05:06]} {[%emt 00:00:05]} Nb6 {[%clk 00:04:24]}
{[%emt 00:00:23]} 12. Be2 {[%clk 00:05:00]} {[%emt 00:00:09]} Rc8 {[%clk
00:04:26]} {[%emt 00:00:01]} 13. Rd1 {[%clk 00:04:38]} {[%emt 00:00:25]} Bf6
{[%clk 00:04:15]} {[%emt 00:00:14]} 14. Nb5 {[%clk 00:04:34]} {[%emt 00:00:06]}
Qe7 {[%clk 00:04:02]} {[%emt 00:00:16]} 15. Bxf6 {[%clk 00:04:32]} {[%emt
00:00:05]} Rxf6 {[%clk 00:04:03]} {[%emt 00:00:02]} 16. Qb2 {[%clk 00:04:09]}
{[%emt 00:00:26]} e5 {[%clk 00:03:33]} {[%emt 00:00:33]} 17. d3 {[%clk
00:04:04]} {[%emt 00:00:09]} Kh8 {[%clk 00:03:24]} {[%emt 00:00:12]} 18. Nc3
{[%clk 00:03:56]} {[%emt 00:00:10]} Re8 {[%clk 00:03:08]} {[%emt 00:00:20]} 19.
O-O {[%clk 00:03:48]} {[%emt 00:00:11]} Rg6 {[%clk 00:02:51]} {[%emt 00:00:20]}
20. Rfe1 {[%clk 00:03:39]} {[%emt 00:00:12]} Rf8 {[%clk 00:02:43]} {[%emt
00:00:10]} 21. Bf1 {[%clk 00:02:40]} {[%emt 00:01:02]} h6 {[%clk 00:02:26]}
{[%emt 00:00:20]} 22. h5 {[%clk 00:02:14]} {[%emt 00:00:29]} Rd6 {[%clk
00:02:22]} {[%emt 00:00:07]} 23. d4 {[%clk 00:01:47]} {[%emt 00:00:31]} e4
{[%clk 00:01:47]} {[%emt 00:00:38]} 24. dxc5 {[%clk 00:01:49]} {[%emt
00:00:01]} Rxd1 {[%clk 00:01:49]} {[%emt 00:00:01]} 25. Rxd1 {[%clk 00:01:51]}
exf3 {[%clk 00:01:47]} {[%emt 00:00:04]} 26. cxb6 {[%clk 00:01:53]} {[%emt
00:00:01]} fxg2 {[%clk 00:01:02]} {[%emt 00:00:48]} 27. Bxg2 {[%clk 00:01:55]}
axb6 {[%clk 00:01:03]} {[%emt 00:00:03]} 28. Nd5 {[%clk 00:01:57]} Qg5 {[%clk
00:00:37]} {[%emt 00:00:27]} 29. Nf4 {[%clk 00:01:44]} Be8 {[%clk 00:00:39]}
{[%emt 00:00:19]} 30. Ne6 {[%clk 00:01:44]} Qf6 {[%clk 00:00:40]} {[%emt
00:00:05]} 31. Qxf6 {[%clk 00:01:43]} Rxf6 {[%clk 00:00:41]} {[%emt 00:00:05]}
32. Nf4 {[%clk 00:01:41]} Kg8 {[%clk 00:00:38]} {[%emt 00:00:12]} 33. Bd5+
{[%clk 00:01:37]} Kf8 {[%clk 00:00:38]} {[%emt 00:00:10]} 34. Kf1 {[%clk
00:01:29]} Ke7 {[%clk 00:00:27]} {[%emt 00:00:25]} 35. Ke2 {[%clk 00:01:30]}
Rd6 {[%clk 00:00:27]} {[%emt 00:00:04]} 36. Rg1 {[%clk 00:01:30]} Kf6 {[%clk
00:00:28]} {[%emt 00:00:06]} 37. b4 {[%clk 00:01:23]} {[%emt 00:00:10]} Ne5
{[%clk 00:00:27]} {[%emt 00:00:03]} 38. Rd1 {[%clk 00:01:03]} {[%emt 00:00:24]}
g5 {[%clk 00:00:23]} {[%emt 00:00:07]} 39. hxg6 {[%clk 00:01:05]} {[%emt
00:00:02]} Nxg6 {[%clk 00:00:24]} {[%emt 00:00:02]} 40. Nxg6 {[%clk 00:00:55]}
{[%emt 00:00:13]} Bxg6 {[%clk 00:00:25]} 41. Bxb7 {[%clk 00:00:57]} {[%emt
00:00:01]} Bh5+ {[%clk 00:00:22]} {[%emt 00:00:06]} 42. f3 {[%clk 00:00:59]}
{[%emt 00:00:01]} Rxd1 {[%clk 00:00:24]} 43. Kxd1 {[%clk 00:01:01]} f4 {[%clk
00:00:17]} {[%emt 00:00:10]} 44. exf4 {[%clk 00:00:50]} {[%emt 00:00:15]} Be8
{[%clk 00:00:19]} 45. Ke2 {[%clk 00:00:44]} {[%emt 00:00:09]} h5 {[%clk
00:00:20]} {[%emt 00:00:01]} 46. Bc8 {[%clk 00:00:41]} {[%emt 00:00:06]} h4
{[%clk 00:00:19]} {[%emt 00:00:04]} 47. Kf2 {[%clk 00:00:43]} Kg6 {[%clk
00:00:14]} {[%emt 00:00:08]} 48. Kg2 {[%clk 00:00:44]} {[%emt 00:00:01]} Bc6
{[%clk 00:00:10]} {[%emt 00:00:07]} 49. Bg4 {[%clk 00:00:44]} {[%emt 00:00:03]}
1-0